[Event "CRO-chT2 West"]
[Site "Croatia"]
[Date "2017.10.22"]
[Round "8"]
[White "Grguric, Dragan"]
[Black "Oljaca, Manuel2222"]
[Result "0-1"]
[WhiteElo "2028"]
[BlackElo "1997"]
[PlyCount "52"]
[EventDate "2017.03.25"]
[EventType "team-tourn"]
[EventRounds "9"]
[EventCountry "CRO"]
[SourceTitle "EXT 2020"]
[Source "ChessBase"]
[SourceDate "2019.10.17"]
[SourceVersion "1"]
[SourceVersionDate "2019.10.17"]
[SourceQuality "1"]

1. e4 e5 2. Nf3 Nc6 3. Bc4 Nf6 4. Ng5 Bc5 5. Bxf7+ Ke7 6. Bb3 Rf8 7. 0-0 d6 8. Nc3 Qe8 9. Nd5+ Nxd5 10. exd5 Nd4 11. c3 Nxb3 12. axb3 Qg6 13. d4 h6 14. dxc5 hxg5 15. cxd6+ cxd6 16. Be3 Rh8 17. Qd2 Rh5 18. g3 Bh3 19. Rfe1 Bg4 20. f4 gxf4 21. Bxf4 Kd7 22. Be3 Bf3 23. c4 Rxh2 24. Qxh2 Rh8 25. Bxa7 Rxh2 26. Kxh2 Qc2+ 0-1

[Event "CRO-chT2 West"]
[Site "Croatia"]
[Date "2017.10.22"]
[Round "9"]
[White "Krsovnik, Emil"]
[Black "Grguric, Dragan"]
[Result "1/2-1/2"]
[WhiteElo "2067"]
[BlackElo "2028"]
[PlyCount "81"]
[EventDate "2017.03.25"]
[EventType "team-tourn"]
[EventRounds "9"]
[EventCountry "CRO"]
[SourceTitle "EXT 2020"]
[Source "ChessBase"]
[SourceDate "2019.10.17"]
[SourceVersion "1"]
[SourceVersionDate "2019.10.17"]
[SourceQuality "1"]

1. e4 c5 2. Nf3 e6 3. d4 cxd4 4. Nxd4 Nf6 5. Bd3 Nc6 6. Be3 d5 7. exd5 Nxd5 8. Nxc6 bxc6 9. Bd2 Qb6 10. Qc1 Nb4 11. Bxb4 Bxb4+ 12. c3 Be7 13. 0-0 Rb8 14. b3 0-0 15. Nd2 Ba6 16. Bxa6 Qxa6 17. Qc2 Rfd8 18. Nc4 Bf6 19. Rfd1 Rd5 20. Ne3 Rdd8 21. Rxd8+ Rxd8 22. Rd1 Rxd1+ 23. Nxd1 Qa5 24. h3 g6 25. g3 Kg7 26. a4 Qe5 27. Kf1 h5 28. h4 c5 29. Qd3 Qd5 30. Qxd5 exd5 31. Ke2 Kf8 32. Ne3 d4 33. cxd4 Bxd4 34. Nc2 Bf6 35. Kd3 Ke7 36. Ke4 Kd6 37. Ne1 Bd4 38. Nd3 a5 39. f3 Kc6 40. g4 hxg4 41. fxg4 1/2-1/2

[Event "Pula op 31st"]
[Site "Pula"]
[Date "2017.09.16"]
[Round "9"]
[White "De Strycker, Nathan"]
[Black "Grguric, Dragan"]
[Result "1-0"]
[WhiteElo "2194"]
[BlackElo "1999"]
[PlyCount "69"]
[EventDate "2017.09.09"]
[EventType "swiss"]
[EventRounds "9"]
[EventCountry "CRO"]
[SourceTitle "CBM 180 Extra"]
[Source "ChessBase"]
[SourceDate "2017.10.06"]
[SourceVersion "1"]
[SourceVersionDate "2017.10.06"]
[SourceQuality "1"]

1. Nf3 Nf6 2. g3 g6 3. Bg2 Bg7 4. 0-0 0-0 5. d4 d6 6. c4 Nbd7 7. Nc3 e5 8. e4 c6 9. h3 a5 10. Be3 Re8 11. Qc2 exd4 12. Nxd4 Nc5 13. Rfe1 a4 14. Rad1 Qa5 15. Bf4 Ne6 16. Be3 Qb4 17. Bf1 a3 18. b3 Nc5 19. Bg2 Nfd7 20. Nde2 Nf8 21. Bd4 Bxd4 22. Nxd4 Nfe6 23. Nf3 Na6 24. Re2 Nec5 25. Red2 f5 26. Rxd6 fxe4 27. Ng5 Bf5 28. g4 Nd3 29. Ncxe4 Bxe4 30. Nxe4 Rxe4 31. Qxd3 Re1+ 32. Kh2 Rxd1 33. Qxd1 Qa5 34. Rd7 Rf8 35. Rd8 1-0

[Event "Topusko Amateur op 6th"]
[Site "Topusko"]
[Date "2017.08.19"]
[Round "9"]
[White "Dejanovic, Mladen"]
[Black "Grguric, Dragan"]
[Result "1-0"]
[WhiteElo "2027"]
[BlackElo "1982"]
[PlyCount "73"]
[EventDate "2017.08.12"]
[EventType "swiss"]
[EventRounds "9"]
[EventCountry "CRO"]
[SourceTitle "CBM 180 Extra"]
[Source "ChessBase"]
[SourceDate "2017.10.06"]
[SourceVersion "1"]
[SourceVersionDate "2017.10.06"]
[SourceQuality "1"]

1. e4 c5 2. c3 d6 3. d4 Nf6 4. Bd3 cxd4 5. cxd4 g6 6. Nf3 Bg7 7. h3 0-0 8. 0-0 Nc6 9. Nc3 e5 10. d5 Nd4 11. Nxd4 exd4 12. Ne2 Qb6 13. b3 Re8 14. f3 Nh5 15. g4 Nf6 16. Bb2 Nd7 17. Kg2 f5 18. exf5 gxf5 19. Bxf5 Nc5 20. Ng3 Na4 21. bxa4 Qxb2+ 22. Rf2 Qa3 23. Qb3 Qc5 24. Be4 a6 25. Rc2 Qa5 26. Rac1 b5 27. Rc7 Qd2+ 28. Kh1 Bd7 29. Qc2 Qxc2 30. R1xc2 Rad8 31. a5 b4 32. Ra7 Bf6 33. Rcc7 Bb5 34. Nf5 Bg5 35. Rg7+ Kh8 36. Rxh7+ Kg8 37. Rag7+ 1-0

[Event "Topusko op 5th"]
[Site "Topusko"]
[Date "2016.08.09"]
[Round "5"]
[White "Ghersinich, Enrico"]
[Black "Grguric, Dragan"]
[Result "1/2-1/2"]
[WhiteElo "1860"]
[BlackElo "2041"]
[PlyCount "167"]
[EventDate "2016.08.06"]
[EventType "swiss"]
[EventRounds "9"]
[EventCountry "CRO"]
[SourceTitle "CBM 173 Extra"]
[Source "ChessBase"]
[SourceDate "2016.08.29"]
[SourceVersion "1"]
[SourceVersionDate "2016.08.29"]
[SourceQuality "1"]

1. e4 c5 2. Nf3 e6 3. d4 cxd4 4. Nxd4 Nf6 5. Nc3 Qb6 6. Nb3 Nc6 7. Be3 Qc7 8. Bd3 a6 9. 0-0 d6 10. f4 Be7 11. Kh1 0-0 12. g4 Nb4 13. g5 Nd7 14. Be2 b5 15. Bf3 Bb7 16. a3 Nc6 17. Bg2 b4 18. axb4 Nxb4 19. Ra4 d5 20. exd5 Nb6 21. Ra1 N6xd5 22. Bd2 Rfd8 23. Qg4 Nxc2 24. Nxd5 Bxd5 25. Ba5 Qb7 26. Bxd8 Ne3 27. Bxd5 Qxd5+ 28. Qf3 Bxd8 29. Qxd5 Nxd5 30. Nc5 a5 31. Ra4 Rb8 32. Rf2 g6 33. Kg2 Kg7 34. Kf3 Rb4 35. Nd3 Rb3 36. Ra3 Rb8 37. Rc2 Be7 38. Ra4 Rb3 39. Ke4 Nb4 40. Nxb4 Bxb4 41. Ra1 h5 42. Rd1 f5+ 43. Kd4 Bd6 44. Kc4 Rb4+ 45. Kc3 Bxf4 46. Rd7+ Kg8 47. Kd3 Rb8 48. h4 e5 49. Rc6 e4+ 50. Kc2 Be5 51. Rxg6+ Kf8 52. b3 Rc8+ 53. Kb1 e3 54. Rd5 Re8 55. Rc6 e2 56. Rc1 f4 57. Rd3 Bc7 58. Re1 a4 59. b4 Re4 60. Kc2 Bb6 61. Rf3 Kg7 62. Kd3 Rxb4 63. Rxe2 Be3 64. Ra2 Kg6 65. Kc3 Re4 66. Kd3 Kf5 67. Rg2 Rd4+ 68. Kc3 Ke4 69. Rf1 f3 70. Rg3 f2 71. g6 Rd7 72. g7 Bd4+ 73. Kb4 Bxg7 74. Rxf2 Rd4+ 75. Kc5 Rd5+ 76. Kc6 Be5 77. Re2+ Kd4 78. Rd2+ Kc4 79. Rc2+ Kb4 80. Kxd5 Bxg3 81. Rc4+ Kb3 82. Rxa4 Kxa4 83. Ke4 Bxh4 84. Kf3 1/2-1/2

[Event "Topusko op 5th"]
[Site "Topusko"]
[Date "2016.08.07"]
[Round "3"]
[White "Kablar, Dorian"]
[Black "Grguric, Dragan"]
[Result "0-1"]
[WhiteElo "1412"]
[BlackElo "2041"]
[PlyCount "62"]
[EventDate "2016.08.06"]
[EventType "swiss"]
[EventRounds "9"]
[EventCountry "CRO"]
[SourceTitle "CBM 173 Extra"]
[Source "ChessBase"]
[SourceDate "2016.08.29"]
[SourceVersion "1"]
[SourceVersionDate "2016.08.29"]
[SourceQuality "1"]

1. e4 c5 2. c3 d5 3. e5 d4 4. Nf3 d3 5. Qa4+ Nc6 6. Qe4 Nh6 7. Qxd3 Qc7 8. Qe3 Ng4 9. Qxc5 e6 10. Qb5 Bd7 11. Qe2 Bc5 12. d4 Bxd4 13. Nxd4 Nxd4 14. Qe4 Rd8 15. Qxd4 Nxe5 16. Bf4 f6 17. Bxe5 fxe5 18. Qxa7 Bc6 19. Na3 0-0 20. Qe3 Rf4 21. f3 e4 22. Be2 exf3 23. Bxf3 Bxf3 24. gxf3 Rh4 25. Qxe6+ Kh8 26. Rd1 Rh6 27. Rxd8+ Qxd8 28. Qf7 Rf6 29. Qxb7 Re6+ 30. Kf2 Qh4+ 31. Kg2 Re2+ 0-1

[Event "CRO-chT2W"]
[Site "Croatia"]
[Date "2016.04.10"]
[Round "5.3"]
[White "Grguric, Dragan"]
[Black "Cvitan, Ena"]
[Result "1-0"]
[WhiteElo "2044"]
[BlackElo "2094"]
[PlyCount "56"]
[EventDate "2016.03.05"]
[EventType "team-tourn"]
[EventRounds "9"]
[EventCountry "CRO"]
[SourceTitle "CBM 171 Extra"]
[Source "ChessBase"]
[SourceDate "2016.04.26"]
[SourceVersion "1"]
[SourceVersionDate "2016.04.26"]
[SourceQuality "1"]
[WhiteTeam "Porec Gortan"]
[BlackTeam "Ravna Gora Goranka"]
[WhiteTeamCountry "CRO"]
[BlackTeamCountry "CRO"]

1. e4 c6 2. d4 d5 3. Nc3 dxe4 4. Nxe4 Nd7 5. Ng5 Ngf6 6. Bd3 e6 7. N1f3 h6 8. Nxe6 Qe7 9. 0-0 fxe6 10. Bg6+ Kd8 11. Bf4 Nd5 12. Bg3 Qb4 13. Rb1 Be7 14. c3 Qa5 15. c4 N5f6 16. a3 Nf8 17. b4 Qxa3 18. Bf7 Ne4 19. Rb3 Nc3 20. Rxa3 Nxd1 21. Rxd1 Bxb4 22. Rb3 a5 23. d5 Ke7 24. Bh5 g6 25. d6+ Ke8 26. Bg4 Bd7 27. Ne5 b5 28. Bf3 Rc8 1-0

[Event "CRO-chT2W"]
[Site "Croatia"]
[Date "2016.04.09"]
[Round "4.3"]
[White "Kvaternik, Sinisa"]
[Black "Grguric, Dragan"]
[Result "1/2-1/2"]
[WhiteElo "1848"]
[BlackElo "2044"]
[PlyCount "152"]
[EventDate "2016.03.05"]
[EventType "team-tourn"]
[EventRounds "9"]
[EventCountry "CRO"]
[SourceTitle "CBM 171 Extra"]
[Source "ChessBase"]
[SourceDate "2016.04.26"]
[SourceVersion "1"]
[SourceVersionDate "2016.04.26"]
[SourceQuality "1"]
[WhiteTeam "Kraljevica"]
[BlackTeam "Porec Gortan"]
[WhiteTeamCountry "CRO"]
[BlackTeamCountry "CRO"]

1. e4 c5 2. Nf3 d6 3. d4 cxd4 4. Nxd4 Nf6 5. Nc3 g6 6. Bg5 Bg7 7. Qd2 Nc6 8. Bb5 Bd7 9. Nxc6 Bxc6 10. Bxc6+ bxc6 11. 0-0 h6 12. Be3 Ng4 13. Bf4 Rb8 14. Rab1 Qa5 15. h3 Ne5 16. b3 Nf3+ 17. gxf3 Bxc3 18. Qd3 Bg7 19. a4 0-0 20. Qe3 Qh5 21. Kg2 c5 22. Rbd1 Bd4 23. Qe2 Kh7 24. Bg3 Rbe8 25. Qc4 f5 26. c3 Bg7 27. Rd5 Qg5 28. f4 Qf6 29. e5 dxe5 30. fxe5 Qg5 31. f4 Qh5 32. h4 Qg4 33. Rxc5 Rd8 34. Rd5 Rxd5 35. Qxd5 g5 36. hxg5 hxg5 37. Qf3 Qxf3+ 38. Kxf3 Rc8 39. c4 Rd8 40. Ke3 Kg6 41. fxg5 Kxg5 42. Bf4+ Kg6 43. c5 e6 44. Rc1 a5 45. c6 Kf7 46. Bg5 Rc8 47. Kd4 Bf8 48. c7 Ke8 49. Bd8 Kd7 50. Rh1 Ba3 51. Rh7+ Kc6 52. Rh6 Kd7 53. Kc4 Bb2 54. Kc5 Bxe5 55. Rh7+ Ke8 56. Kc6 Rxd8 57. cxd8Q+ Kxd8 58. Kb5 Bc3 59. Kc4 Bb4 60. Kd4 Bd6 61. Rg7 Kc8 62. Kc4 Bb4 63. Kb5 Bc3 64. Re7 e5 65. Kc6 Kd8 66. Rh7 e4 67. Kd5 e3 68. Rh2 Ke7 69. Re2 Bd2 70. Ke5 Kd7 71. Kxf5 Kc6 72. Ke4 Kc5 73. Kd3 Kb4 74. Kc2 Ka3 75. Rh2 Be1 76. Rh1 Bd2 1/2-1/2

[Event "CRO-chT2W"]
[Site "Croatia"]
[Date "2016.03.06"]
[Round "3.4"]
[White "Grguric, Dragan"]
[Black "Barcal, Aleksandar"]
[Result "1/2-1/2"]
[WhiteElo "2044"]
[BlackElo "2021"]
[PlyCount "46"]
[EventDate "2016.03.05"]
[EventType "team-tourn"]
[EventRounds "9"]
[EventCountry "CRO"]
[SourceTitle "CBM 171 Extra"]
[Source "ChessBase"]
[SourceDate "2016.04.26"]
[SourceVersion "1"]
[SourceVersionDate "2016.04.26"]
[SourceQuality "1"]
[WhiteTeam "Porec Gortan"]
[BlackTeam "Buje"]
[WhiteTeamCountry "CRO"]
[BlackTeamCountry "CRO"]

1. e4 d6 2. d4 Nf6 3. Nc3 g6 4. Be2 Bg7 5. h4 h5 6. Bg5 c6 7. Qd2 b5 8. f3 a6 9. a3 Qb6 10. Be3 Qb7 11. Nd1 a5 12. c4 Be6 13. cxb5 cxb5 14. d5 Bd7 15. Nf2 a4 16. Ngh3 Na6 17. Nf4 Rc8 18. N2d3 Rc7 19. 0-0 0-0 20. Rac1 Rfc8 21. Rxc7 Rxc7 22. Rc1 Rxc1+ 23. Nxc1 Qc7 1/2-1/2

[Event "CRO-chT2W"]
[Site "Croatia"]
[Date "2016.03.06"]
[Round "2.4"]
[White "Podobnik, Marijan"]
[Black "Grguric, Dragan"]
[Result "1/2-1/2"]
[WhiteElo "2143"]
[BlackElo "2044"]
[PlyCount "104"]
[EventDate "2016.03.05"]
[EventType "team-tourn"]
[EventRounds "9"]
[EventCountry "CRO"]
[SourceTitle "CBM 171 Extra"]
[Source "ChessBase"]
[SourceDate "2016.04.26"]
[SourceVersion "1"]
[SourceVersionDate "2016.04.26"]
[SourceQuality "1"]
[WhiteTeam "Rijeka Kvarner"]
[BlackTeam "Porec Gortan"]
[WhiteTeamCountry "CRO"]
[BlackTeamCountry "CRO"]

1. e4 d6 2. d4 Nf6 3. Nc3 g6 4. f4 Bg7 5. Bd3 0-0 6. Nf3 Nc6 7. e5 dxe5 8. dxe5 Nd5 9. Bd2 Ndb4 10. Be4 f5 11. Bxc6 Nxc6 12. Qe2 e6 13. 0-0-0 Qe7 14. Qc4 Na5 15. Nd5 exd5 16. Qxd5+ Be6 17. Qxa5 b6 18. Qa4 c5 19. Be3 Rfd8 20. Qc6 Rac8 21. Rxd8+ Rxd8 22. Rd1 Rxd1+ 23. Kxd1 h6 24. b3 Bf8 25. Ke2 Qf7 26. c4 Qe7 27. g3 Kf7 28. h4 Qd8 29. a4 Qd7 30. Qa8 Kg7 31. Nd2 Be7 32. Nb1 g5 33. hxg5 hxg5 34. Nc3 Bf7 35. Nd5 Bh5+ 36. Kf2 gxf4 37. Bxf4 Bf7 38. Ke3 Bd8 39. Kd3 Kg6 40. Kc3 Kg7 41. Kb2 Kg6 42. Ka2 Kg7 43. Kb2 Kg6 44. Kc2 Kg7 45. Nf6 Qd4 46. Nd5 Qf2+ 47. Kc3 Qe1+ 48. Kb2 Qf2+ 49. Ka3 Qd4 50. Ka2 Qf2+ 51. Kb1 Qe1+ 52. Kc2 Qf2+ 1/2-1/2

[Event "Porec Istar Cup"]
[Site "Porec"]
[Date "2015.12.12"]
[Round "6"]
[White "Grguric, Dragan"]
[Black "Ciganovic, Nikola"]
[Result "1-0"]
[WhiteElo "2040"]
[BlackElo "2189"]
[PlyCount "79"]
[EventDate "2015.12.04"]
[EventType "swiss"]
[EventRounds "7"]
[EventCountry "CRO"]
[SourceTitle "EXT 2017"]
[Source "ChessBase"]
[SourceDate "2016.10.25"]
[SourceVersion "1"]
[SourceVersionDate "2016.10.25"]
[SourceQuality "1"]

1. e4 e5 2. Nf3 Nc6 3. Nc3 Nf6 4. Bb5 Bc5 5. Nxe5 Nxe5 6. d4 a6 7. dxe5 axb5 8. exf6 Qxf6 9. 0-0 Qc6 10. Qg4 0-0 11. Qg3 f5 12. Be3 fxe4 13. Bxc5 Qxc5 14. Nxe4 Qd4 15. Ng5 d6 16. c3 Qf6 17. a3 Ra4 18. b4 Bf5 19. Rfe1 h6 20. Ne4 Qf7 21. Nd2 Rfa8 22. Nf3 Rxa3 23. Rxa3 Rxa3 24. Nd4 Bd7 25. h3 c5 26. Qxd6 cxd4 27. Re7 Ra1+ 28. Kh2 Qf5 29. Rxd7 dxc3 30. Qd4 Qg6 31. Qxc3 Ra6 32. Qc8+ Kh7 33. Qxb7 Rf6 34. f3 Qg5 35. Qe4+ Rg6 36. f4 Qf6 37. Rd5 Qc6 38. h4 Qe6 39. Re5 Qg4 40. h5 1-0

[Event "Porec Istar Cup"]
[Site "Porec"]
[Date "2015.12.04"]
[Round "1"]
[White "Grguric, Dragan"]
[Black "Zufic, Miroslav"]
[Result "0-1"]
[WhiteElo "2040"]
[BlackElo "2461"]
[PlyCount "62"]
[EventDate "2015.12.04"]
[EventType "swiss"]
[EventRounds "7"]
[EventCountry "CRO"]
[SourceTitle "EXT 2017"]
[Source "ChessBase"]
[SourceDate "2016.10.25"]
[SourceVersion "1"]
[SourceVersionDate "2016.10.25"]
[SourceQuality "1"]

1. e4 c5 2. Nf3 d6 3. d4 cxd4 4. Nxd4 Nf6 5. Nc3 a6 6. Bg5 Nbd7 7. f4 Qa5 8. Qf3 h6 9. Bh4 e5 10. Nb3 Qc7 11. f5 Be7 12. 0-0-0 b5 13. Bxf6 Nxf6 14. g4 b4 15. Nd5 Nxd5 16. exd5 h5 17. gxh5 Bg5+ 18. Kb1 a5 19. Rg1 Bf6 20. Nd2 a4 21. Ne4 b3 22. cxb3 axb3 23. axb3 Kf8 24. Bc4 Qa7 25. Qg4 Ke7 26. Rge1 g6 27. Ng3 Rxh5 28. Re2 Rxf5 29. Qe4 Kf8 30. Kc2 Rf4 31. Qe3 Bg4 0-1

[Event "Vojvodina-ch 6th"]
[Site "Novi Sad"]
[Date "2015.07.25"]
[Round "1"]
[White "Grguric, Dragan"]
[Black "Leskur, Dejan"]
[Result "0-1"]
[WhiteElo "1992"]
[BlackElo "2384"]
[PlyCount "64"]
[EventDate "2015.07.25"]
[EventType "swiss"]
[EventRounds "9"]
[EventCountry "YUG"]
[SourceTitle "CBM 167 Extra"]
[Source "ChessBase"]
[SourceDate "2015.09.14"]
[SourceVersion "1"]
[SourceVersionDate "2015.09.14"]
[SourceQuality "1"]

1. e4 d6 2. d4 Nf6 3. Nc3 g6 4. Be2 Bg7 5. h4 h5 6. Bg5 Nc6 7. Bb5 0-0 8. Qd2 a6 9. Bxc6 bxc6 10. Bh6 Bxh6 11. Qxh6 e5 12. 0-0-0 exd4 13. Rxd4 Ng4 14. Qd2 c5 15. Rd5 Qf6 16. Nf3 Be6 17. Rg5 Rab8 18. e5 dxe5 19. Ne4 Qg7 20. Qc3 f6 21. Nxc5 Bf7 22. Rxg4 hxg4 23. Nd2 Rfd8 24. Nce4 f5 25. Ng5 e4 26. Qa3 Qxb2+ 27. Qxb2 Rxb2 28. Ndxe4 Rxa2 29. Nxf7 Ra1+ 30. Kb2 Rxh1 31. Nxd8 fxe4 32. Ne6 Rf1 0-1

[Event "CRO-CupT final"]
[Site "Sibenik"]
[Date "2015.05.24"]
[Round "6.102"]
[White "Monjac, Mislav"]
[Black "Grguric, Dragan"]
[Result "1-0"]
[WhiteElo "2204"]
[BlackElo "2051"]
[PlyCount "77"]
[EventDate "2015.05.20"]
[EventType "team-swiss"]
[EventRounds "6"]
[EventCountry "CRO"]
[SourceTitle "CBM 166 Extra"]
[Source "ChessBase"]
[SourceDate "2015.06.18"]
[SourceVersion "1"]
[SourceVersionDate "2015.06.18"]
[SourceQuality "1"]
[WhiteTeam "Krk"]
[BlackTeam "Porec Gortan"]
[WhiteTeamCountry "CRO"]
[BlackTeamCountry "CRO"]

1. e4 c5 2. Nf3 d6 3. Bb5+ Bd7 4. Bxd7+ Nxd7 5. 0-0 Ngf6 6. Qe2 g6 7. c3 Bg7 8. d4 e5 9. dxe5 dxe5 10. Bg5 Qc7 11. Na3 a6 12. Rad1 b5 13. Rd2 h6 14. Bh4 c4 15. Rfd1 Nc5 16. Bxf6 Bxf6 17. Nc2 Bg7 18. Nb4 a5 19. Nd5 Qa7 20. b3 Nd3 21. bxc4 bxc4 22. Ne1 Nxe1 23. Rxe1 Qc5 24. Rb1 0-0 25. Rdb2 Rac8 26. Rb5 Qa3 27. Rb7 Rfe8 28. Qg4 Rcd8 29. g3 h5 30. Qg5 Rxd5 31. exd5 e4 32. Qf4 f5 33. Qc7 Qf8 34. Rb8 Kh7 35. Rxe8 Qxe8 36. Rb7 Qf8 37. d6 e3 38. fxe3 Qf6 39. Qxg7+ 1-0

[Event "CRO-chT2 West"]
[Site "Croatia"]
[Date "2015.03.21"]
[Round "4.3"]
[White "Grguric, Dragan"]
[Black "Fucak, Emilijo"]
[Result "0-1"]
[WhiteElo "2065"]
[BlackElo "2255"]
[PlyCount "94"]
[EventDate "2015.02.21"]
[EventType "team-tourn"]
[EventRounds "9"]
[EventCountry "CRO"]
[SourceTitle "EXT 2016"]
[Source "ChessBase"]
[SourceDate "2015.10.08"]
[SourceVersion "1"]
[SourceVersionDate "2015.10.08"]
[SourceQuality "1"]
[WhiteTeam "Porec Gortan"]
[BlackTeam "Rijeka Kvarner"]
[WhiteTeamCountry "CRO"]
[BlackTeamCountry "CRO"]

1. e4 e6 2. d4 d5 3. Nc3 Bb4 4. e5 b6 5. Qg4 Bf8 6. Bf4 Ne7 7. Nf3 Qd7 8. a4 Nf5 9. Bd3 Ba6 10. Nb5 h6 11. 0-0 g5 12. Bg3 Be7 13. Qh5 Ng7 14. Qh3 h5 15. Nxg5 Bxg5 16. c4 c6 17. Nd6+ Kf8 18. b3 Be7 19. f4 dxc4 20. bxc4 Bxd6 21. exd6 f5 22. Qh4 Qxd6 23. Qf6+ Kg8 24. d5 Nd7 25. Qg5 cxd5 26. Rad1 Nc5 27. Bf2 Qd8 28. Qg6 Qe8 29. Qg5 Qf7 30. Bd4 h4 31. cxd5 Bxd3 32. Rxd3 Rh5 33. dxe6 Ncxe6 34. Qf6 Qxf6 35. Bxf6 Kf7 36. Be5 Rhh8 37. Rd7+ Kg6 38. Rc1 Rhd8 39. Rb7 Rac8 40. Re1 Rc2 41. Rxa7 Rdd2 42. Rb1 Rxg2+ 43. Kh1 Rxh2+ 44. Kg1 Nh5 45. Bd4 Rcg2+ 46. Kf1 Ng3+ 47. Ke1 Rh1+ 0-1

[Event "CRO-chT2 West"]
[Site "Croatia"]
[Date "2015.02.21"]
[Round "1.3"]
[White "Grguric, Dragan"]
[Black "Bulic, Josip"]
[Result "0-1"]
[WhiteElo "2065"]
[BlackElo "2236"]
[PlyCount "54"]
[EventDate "2015.02.21"]
[EventType "team-tourn"]
[EventRounds "9"]
[EventCountry "CRO"]
[SourceTitle "EXT 2016"]
[Source "ChessBase"]
[SourceDate "2015.10.08"]
[SourceVersion "1"]
[SourceVersionDate "2015.10.08"]
[SourceQuality "1"]
[WhiteTeam "Porec Gortan"]
[BlackTeam "Buje"]
[WhiteTeamCountry "CRO"]
[BlackTeamCountry "CRO"]

1. e4 Nf6 2. e5 Nd5 3. d4 d6 4. c4 Nb6 5. f4 dxe5 6. fxe5 Bf5 7. Nc3 e6 8. Be3 Nc6 9. Nf3 Bg4 10. Qd2 Bxf3 11. gxf3 Qh4+ 12. Bf2 Qh5 13. Be2 0-0-0 14. f4 Qf5 15. Rg1 Qh3 16. d5 Qh6 17. 0-0-0 Bb4 18. Bxb6 axb6 19. Bf3 Bc5 20. Rg4 Nxe5 21. Rg3 Nxc4 22. Qe2 Qxf4+ 23. Kb1 Ne3 24. Rc1 exd5 25. Nb5 Rhe8 26. Qd3 Kb8 27. a3 Qf5 0-1

[Event "CRO-chT2 West"]
[Site "Croatia"]
[Date "2014.11.16"]
[Round "8.24"]
[White "Grguric, Dragan"]
[Black "Crnkovic, Zdravko"]
[Result "0-1"]
[WhiteElo "2090"]
[BlackElo "2013"]
[PlyCount "40"]
[EventDate "2014.03.15"]
[EventType "team-tourn"]
[EventRounds "9"]
[EventCountry "CRO"]
[SourceTitle "EXT 2019"]
[Source "ChessBase"]
[SourceDate "2018.10.10"]
[SourceVersion "1"]
[SourceVersionDate "2018.10.10"]
[SourceQuality "1"]
[WhiteTeam "Porec Gortan"]
[BlackTeam "Rovinj Batana"]
[WhiteTeamCountry "CRO"]
[BlackTeamCountry "CRO"]

1. e4 e5 2. Nf3 d6 3. d4 Bg4 4. dxe5 Nc6 5. exd6 Bxd6 6. Be2 Qe7 7. 0-0 0-0-0 8. Nbd2 Nf6 9. h3 Bxf3 10. Bxf3 h5 11. Re1 g5 12. g3 Ne5 13. Bg2 h4 14. gxh4 g4 15. Qe2 Rdg8 16. Kf1 Rxh4 17. hxg4 Nfxg4 18. Kg1 Bc5 19. Rf1 Rh1+ 20. Bxh1 Ne3+ 0-1

[Event "CRO-chT2 West"]
[Site "Croatia"]
[Date "2014.11.16"]
[Round "9.44"]
[White "Zezelj, Milan"]
[Black "Grguric, Dragan"]
[Result "1/2-1/2"]
[WhiteElo "2022"]
[BlackElo "2090"]
[PlyCount "61"]
[EventDate "2014.03.15"]
[EventType "team-tourn"]
[EventRounds "9"]
[EventCountry "CRO"]
[SourceTitle "EXT 2019"]
[Source "ChessBase"]
[SourceDate "2018.10.10"]
[SourceVersion "1"]
[SourceVersionDate "2018.10.10"]
[SourceQuality "1"]
[WhiteTeam "Rijeka CC II"]
[BlackTeam "Porec Gortan"]
[WhiteTeamCountry "CRO"]
[BlackTeamCountry "CRO"]

1. e4 c5 2. Nf3 e6 3. d4 cxd4 4. Nxd4 Nf6 5. Nc3 Qb6 6. Nb3 Nc6 7. Be3 Qc7 8. Be2 a6 9. f4 d6 10. 0-0 Be7 11. Qd2 0-0 12. Rae1 Rd8 13. Bf3 Rb8 14. g4 b6 15. Qf2 Na5 16. Nxa5 bxa5 17. Na4 d5 18. e5 Ne4 19. Bxe4 dxe4 20. b3 Rd5 21. Nb6 Rc5 22. Nc4 Rd5 23. f5 Bb4 24. Re2 Bd7 25. Nb6 Rxb6 26. Bxb6 Qxe5 27. fxe6 Bxe6 28. Qf4 Qc3 29. Qxe4 h5 30. Re3 Qd2 31. Rg3 1/2-1/2

[Event "Pula op 28th"]
[Site "Pula"]
[Date "2014.06.10"]
[Round "4"]
[White "Grguric, Dragan"]
[Black "Jovanic, Ognjen"]
[Result "0-1"]
[WhiteElo "2099"]
[BlackElo "2489"]
[PlyCount "40"]
[EventDate "2014.06.07"]
[EventType "swiss"]
[EventRounds "9"]
[EventCountry "CRO"]
[SourceTitle "CBM 160 Extra"]
[Source "ChessBase"]
[SourceDate "2014.07.01"]
[SourceVersion "1"]
[SourceVersionDate "2014.07.01"]
[SourceQuality "1"]

1. e4 c6 2. d4 d5 3. e5 Bf5 4. Nc3 e6 5. g4 Bg6 6. Nge2 c5 7. h4 h5 8. Nf4 Bh7 9. Nxh5 Nc6 10. dxc5 Bxc5 11. Bb5 Qc7 12. Qe2 Kf8 13. Bxc6 Qxc6 14. Rf1 d4 15. Nb1 Be7 16. Na3 Bxa3 17. bxa3 Qc3+ 18. Qd2 Qxa1 19. Qg5 Bg6 20. Nf4 Qxc1+ 0-1

[Event "Pula op 28th"]
[Site "Pula"]
[Date "2014.06.08"]
[Round "2"]
[White "Grguric, Dragan"]
[Black "Fodor, Tamas Jr"]
[Result "0-1"]
[WhiteElo "2099"]
[BlackElo "2462"]
[PlyCount "80"]
[EventDate "2014.06.07"]
[EventType "swiss"]
[EventRounds "9"]
[EventCountry "CRO"]
[SourceTitle "CBM 160 Extra"]
[Source "ChessBase"]
[SourceDate "2014.07.01"]
[SourceVersion "1"]
[SourceVersionDate "2014.07.01"]
[SourceQuality "1"]

1. e4 e6 2. d4 d5 3. e5 c5 4. c3 Nc6 5. Nf3 Qb6 6. a3 c4 7. Nbd2 Na5 8. g3 Bd7 9. Bg2 Ne7 10. 0-0 h6 11. Rb1 Qc7 12. Re1 Nc8 13. Nf1 Nb6 14. Ne3 0-0-0 15. Nd2 g5 16. Qf3 Ba4 17. g4 Bg7 18. Ndf1 Rhf8 19. Qe2 f6 20. exf6 Bxf6 21. Ng3 Qh7 22. Bd2 Be8 23. Nef1 Rd6 24. f4 Nb3 25. f5 Bd7 26. Ne3 e5 27. Nxd5 exd4 28. Nxb6+ Rxb6 29. Qxc4+ Kb8 30. Rbd1 Rc8 31. Qe2 Bb5 32. Qf3 Nxd2 33. Rxd2 dxc3 34. Rc2 Bc6 35. Ne4 Bd4+ 36. Kh1 cxb2 37. Qf1 Qd7 38. f6 Bxe4 39. Rxc8+ Qxc8 40. Bxe4 Bxf6 0-1